| 000 | 004060000a22001690004500 | ||
|---|---|---|---|
| 003 | LK-CoMWRAF | ||
| 008 | 230817t ||||| |||| 00| 0 eng d | ||
| 040 |
_aLK-CoMWRAF _dLK-CoMWRAF _eLK-CoMWRAF |
||
| 041 | _aeng | ||
| 082 |
_a074 _bVEL |
||
| 100 | _aJayanthy Thalayasingam | ||
| 245 |
_aVELIPADUTHAL _bPoems of Women |
||
| 250 | _a1st | ||
| 260 |
_aBatticaloa _bSWDC _Y2001 |
||
| 300 | _ap.50 | ||
| 942 | _cBK | ||
| 999 |
_c351 _d351 |
||